| 000 | 00347nam a2200145Ia 4500 | ||
|---|---|---|---|
| 008 | 230917s9999||||xx |||||||||||||| ||und|| | ||
| 040 |
_e57651 _aMAIN |
||
| 041 | _aEnglish | ||
| 082 | _a823.9 D781S | ||
| 100 | _aDrabble, Margaret | ||
| 245 | 0 | _aSummer bird- cage | |
| 260 |
_aMiddlesex _bPenguin Books _c1980 |
||
| 300 | _a208 p. | ||
| 942 | _cBK | ||
| 999 |
_c224541 _d224541 |
||